Najpopularniejsze numery Rap/Trap tygodnia. 05-11.02 - Statystyki

Ogólne statystyki
  • Ten quiz został rozwiązany 9 razy
  • Średni wynik to 20 z 30
Statystyki odpowiedzi
Wykonawca Wyświetlenia Utwór % Poprawnych
Guzior ft. Oskar83 1.41M FALA
100%
Young Leosia 2.03M Szklanki
100%
Wiatr ft. Sobel, Be Vis 994K Testarossa
100%
Qry 845K Bierz do buzi
83%
Guzior 1.94M BLUEBERRY
83%
Quebonafide ft. Daria Zawiałow 567K BUBBLETEA
83%
Kali x Major ft. PlanBe 645K California
83%
Alberto 796K Dwutakt
83%
Kizo ft. Trill Pem 698K Fitness
83%
Sobel 993K Kinol
83%
Kubańczyk 423K Lady Pank 2
83%
Kabe 1.43M Nad ranem
83%
Żabson ft. Vladimir Cauchemar 779K OBOK
83%
ReTo 552K Billy Kid
67%
Bedoes & Lanek 973K Doda
67%
Cheatz 754K gdzie jest stary dawid
67%
Wac Toja 482K Kapitan
67%
Kali x Major 472K Mona Lisa
67%
Tymek, Kuba Karaś, Urbanski 548K Oczko w głowie
67%
Florek ft. Młodypago, Piluś 653K Buzi
50%
Favst x Gibbs ft. Kukon 421K halo
50%
Szpaku 483K NPC
50%
Szpaku ft. Chivas 408K Potwór
50%
Bedoes & Lanek 437K TOA$T /
50%
Szpaku ft. Dziarma 590K Wino
50%
Szpaku ft. Zdechły Osa 427K Zły
50%
Zarzycki ft. Ruskiefajki 474K Kokaina
33%
KęKę 484K Moja Gwardia
33%
Sobel 421K Każdego Dnia
17%
Kabe ft. Płomień 81 507K Wczoraj
17%
Nie znaleziono quizów pasujących do podanych kryteriów
Rozkład punktacji
Procent ludzi z każdym wynikiem
Percentyl według liczby udzielonych odpowiedzi
Twoja historia wyników
Nie rozwiązałeś tego quizu